| 000 | 00650nam a22002537a 4500 | ||
|---|---|---|---|
| 003 | UA-OsUOA | ||
| 001 | 22080 | ||
| 007 | ta | ||
| 008 | 20031216b un ||||| |||| 00| 0 ukr d | ||
| 100 | _aНейхардт А.А. | ||
| 700 | _aШишова И.А. | ||
| 090 |
_a008(091)"652" _bН38 |
||
| 942 | _cBK | ||
| 040 |
_aUA-OsUOA _brus _cUA-OsUOA _dUA-OsUOA |
||
| 245 | _aСемь чудес древнего Египта | ||
| 300 |
_a136 с. _bІлюстрації |
||
| 955 | _a0 | ||
| 041 | _arus | ||
| 080 | _a008(091)"652" | ||
| 260 |
_aМосква _bНаука _c1966 |
||
| 044 | _aRU | ||
| 650 | 7 | _2UDC | |
| 999 |
_c308293 _d308293 |
||